| Tag |
First Indicator |
Second Indicator |
Subfields |
| LEADER |
00000cam a2200000 a 4500 |
| 001 |
in00000001394 |
| 005 |
20151007050424.0 |
| 008 |
980918s1998 ctuab b f000 0 eng d |
| 035 |
|
|
|a (OCoLC)39890786
|
| 035 |
|
|
|9 AJB3009AM
|
| 040 |
|
|
|d GPO
|d DLC
|d MvI
|d UtOrBLW
|
| 043 |
|
|
|a n-us-ct
|
| 049 |
|
|
|a UDOC
|
| 074 |
|
|
|a 0621-L
|
| 086 |
0 |
|
|a I 19.127:088-98
|
| 100 |
1 |
|
|a Trench, Elaine C. Todd.
|
| 245 |
1 |
0 |
|a Surface-water quality information in Connecticut :
|b answering key scientific and management questions /
|c [Elaine C. Todd Trench and Steven S. Kiesman] ; prepared in cooperation with the Connecticut Department of Environmental Protection.
|
| 246 |
3 |
|
|a Surface water quality information in Connecticut
|
| 264 |
|
1 |
|a East Hartford, CT :
|b U.S. Geological Survey,
|c [1998]
|
| 300 |
|
|
|a 1 folded sheet (6 unnumbered pages) :
|b color illustrations, color maps ;
|c 28 cm.
|
| 336 |
|
|
|a text
|b txt
|2 rdacontent
|
| 337 |
|
|
|a unmediated
|b n
|2 rdamedia
|
| 338 |
|
|
|a sheet
|b nb
|2 rdacarrier
|
| 490 |
1 |
|
|a Fact sheet ;
|v FS-088-98
|
| 500 |
|
|
|a Caption title.
|
| 500 |
|
|
|a "U.S. Department of the Interior, U.S. Geological Survey"--P. [1].
|
| 500 |
|
|
|a "August 1998"--P. [6].
|
| 500 |
|
|
|a Shipping list number: 98-0364-P.
|
| 504 |
|
|
|a Includes bibliographical references (page [6]).
|
| 650 |
|
0 |
|a Water quality
|z Connecticut.
|
| 650 |
|
0 |
|a Water quality management
|z Connecticut.
|
| 700 |
1 |
|
|a Kiesman, Steven S.
|
| 710 |
1 |
|
|a Connecticut.
|b Department of Environmental Protection.
|
| 710 |
2 |
|
|a Geological Survey (U.S.)
|
| 830 |
|
0 |
|a Fact sheet (Geological Survey (U.S.)) ;
|v FS-98-088.
|
| 999 |
|
|
|a MARS
|
| 999 |
f |
f |
|s e5acedf8-2411-327d-bff7-1c68872827f8
|i 23b8fd3d-6473-34b4-8d92-681b76c21ae9
|t 0
|
| 952 |
f |
f |
|p normal
|a Texas A&M University
|b College Station
|c Sterling C. Evans Library
|d Evans: US Documents (Annex 5th floor)
|t 0
|e I 19.127:088-98
|h Superintendent of Documents classification
|i unmediated -- sheet
|m A14824390092
|
| 998 |
f |
f |
|a I 19.127:088-98
|t 0
|l Evans: US Documents (Annex 5th floor)
|